000 01931cam a2200541 4500
999 _c23689
_d23689
001 vtls011898845
005 20241216141645.0
008 210624s2019 xo a grhn 011 0dslo
020 _a9788082021021
_q(viazané)
035 _aurn:nbn:sk:snk-am00eddw
035 _aurn:nbn:sk:snk-am3igp1
035 _a98071700-E59A-4836-B41F-0902569AA6B3
040 _aSPK
_bslo
_cSPK
_dSNK
_erda
041 0 _aslo
_beng
_bger
044 _axo
_cSK
072 7 _a821.162.4.09
_xSlovenská literatúra (o nej)
_2konspekt
072 7 _a929
_xBiografie
_2konspekt
080 _a821.162.4-051
_22011
080 _a[82:314.15-026.49]-051
_22011
080 _a314.151.3-054.7
_22011
080 _a929(092)
_22011
080 _a81'25-051
_22011
080 _a(048.8)
_22011
100 1 _aHoleštiak, Pavol,
_d1972-
_4aut
_94246
245 1 _aZlatá kysucká kniha Pavla Hrtusa Jurinu
_bexulant, ktorý neodišiel
_cPavol Holeštiak
264 1 _aBratislava
_bVydavateľstvo Spolku slovenských spisovateľov
_c2019
300 _a343 strán
_bfotografie, ilustrácie
_c25 cm
336 _atext
_btxt
_2rdacontent
337 _abez média
_bn
_2rdamedia
338 _azväzok
_bnc
_2rdacarrier
500 _aObsahuje biografické údaje o autorovi
546 _aAnglické a nemecké resumé
600 1 7 _aHrtus Jurina, Pavol,
_d1919-1994
_2SNKMA
_94247
650 0 7 _aslovenskí spisovatelia
_2SNKPH
_92256
650 0 7 _aSlovak authors
_2SNKPHeng
_92258
650 0 7 _aprekladatelia
_2SNKPH
_94248
650 0 7 _aTranslators
_2SNKPHeng
_94249
650 0 7 _aemigranti
_2SNKPH
_94250
650 0 7 _aExiled authors
_2SNKPHeng
_94251
650 0 7 _aexiloví spisovatelia
_2SNKPH
_94252
650 0 7 _aEmigrants
_2SNKPHeng
_94253
655 7 _abiografie
_2SNKPH
_91756
655 7 _aBiography
_2SNKPHeng
_91759
655 7 _amonografie
_2SNKPH
_91661
655 7 _aMonographs
_2SNKPHeng
_91662
700 1 _aZimka, Ondrej,
_d1937-
_4ill
_93552
958 _aLX